Trivia: Doctor Who - Statistics

General Stats
  • This quiz has been taken 120 times
  • The average score is 19 of 27
Answer Stats
Question Answer % Correct
Who plays Rose Tyler? Billie Piper
95%
What is The Doctor's time machine called? Tardis
94%
Who is the 10th Doctor? David Tennant
93%
Who is The Doctor's wife? River Song
93%
What alien race is The Doctor? Time Lord
93%
Where is The Doctor from? Gallifrey
92%
Who is the 11th Doctor? Matt Smith
92%
What villains disguise themselves as statues? Weeping Angels
92%
Who are the archnemesis of The Doctor? Daleks
91%
Who is the 12th Doctor? Peter Capaldi
91%
Who is the Face of Boe? Captain Jack
88%
Who is the 9th Doctor? Christopher Eccleston
85%
Who plays Donna? Catherine Tate
82%
Who plays Amy Pond? Karen Gillan
79%
Which planet are they from? Skaro
79%
What is Rose's nickname? Bad Wolf
76%
Who plays Captain Jack? John Barrowman
74%
Who plays Clara Oswald? Jenna Coleman
73%
Who plays Rory Williams? Arthur Darvill
68%
Who plays Martha? Freema Agyeman
66%
What is the Face of Boe's Secret? You are not alone
62%
Who plays Mickey Smith? Noel Clarke
53%
Which planet are the Time Lords buried? Trenzalore
42%
Who plays Jackie Tyler? Camille Coduri
40%
Who plays Brian Williams? Mark Williams
35%
Who plays Pete Tyler? Shaun Dingwall
14%
Who does Rose end up with? Meta Doctor
4%
No matching quizzes found
Score Distribution
Percent of People with Each Score
Percentile by Number Answered
Your Score History
You have not taken this quiz